[Event "Frankfurt Ch 2006"]
[Site "Ffm-Kalbach, LAZ"]
[Date "2006.05.29"]
[Round "6.63"]
[White "Schukowski, Werner"]
[Black "Ludwig, Helmut"]
[Result "0-1"]
[WhiteElo "1292"]
[BlackElo "1496"]
[PlyCount "36"]
[EventDate "2006.??.??"]

1. e4 e5 2. Nf3 Nc6 3. Bc4 Bc5 4. d3 d6 5. Be3 Nf6 6. Bxc5 dxc5 7. h3 O-O 8.
O-O Qd6 9. Nc3 a6 10. a4 Ne7 11. Qd2 Ng6 12. Ne2 Kh8 13. Nh2 Nh5 14. Qg5 Nhf4
15. Nxf4 Nxf4 16. Rae1 Bxh3 17. f3 Bxg2 18. Rf2 Nh3+ 0-1

[Event "Frankfurt Ch 2006"]
[Site "Ffm-Kalbach, LAZ"]
[Date "2006.05.29"]
[Round "6.64"]
[White "Scheerer, Michael"]
[Black "Honert, Stefan"]
[Result "1/2-1/2"]
[WhiteElo "1399"]
[BlackElo "1201"]
[PlyCount "75"]
[EventDate "2006.??.??"]

1. e4 e6 2. d4 d5 3. Nc3 Nf6 4. e5 Nfd7 5. f4 c5 6. Nf3 Nc6 7. Be3 Qb6 8. Bb5
a6 9. Bxc6 Qxc6 10. Qd2 Be7 11. a4 O-O 12. O-O Nb6 13. b3 c4 14. Ne2 a5 15. Qe1
Nd7 16. g4 f5 17. gxf5 Rxf5 18. Kh1 g6 19. Rg1 Kh8 20. Ng3 Rf7 21. Nh5 cxb3 22.
cxb3 Qc2 23. Ng3 b6 24. Rb1 Ba6 25. Rg2 Qc6 26. Rc1 Qb7 27. Rgc2 Bd8 28. h4 Nf8
29. Ng5 Re7 30. Rh2 Rc8 31. Rhc2 Ra8 32. h5 Bd3 33. Rc3 Bf5 34. Nxf5 gxf5 35.
Rc6 h6 36. Nf3 Rg7 37. R6c2 Qf7 38. Rh2 1/2-1/2

[Event "Frankfurt Ch 2006"]
[Site "Ffm-Kalbach, LAZ"]
[Date "2006.05.29"]
[Round "6.65"]
[White "Breitbach, Stephan"]
[Black "Krüger, Manfred"]
[Result "0-1"]
[WhiteElo "1361"]
[BlackElo "1184"]
[PlyCount "110"]
[EventDate "2006.??.??"]

1. e4 e5 2. Nf3 Nc6 3. Bc4 Be7 4. d3 d6 5. Nc3 Nf6 6. Be3 Na5 7. Nd2 Nxc4 8.
Nxc4 a6 9. h3 b5 10. Nd2 Bb7 11. f4 O-O 12. g4 exf4 13. Bxf4 Nd7 14. Qf3 Bh4+
15. Bg3 Ne5 16. Qf2 Bg5 17. Nf3 Nxf3+ 18. Qxf3 Re8 19. h4 Bf6 20. O-O-O Re6 21.
d4 Qe8 22. Rhe1 Bd8 23. d5 Re7 24. g5 b4 25. Nb1 Qa4 26. a3 a5 27. Rd4 Qb5 28.
Qb3 Qd7 29. axb4 axb4 30. Rxb4 c5 31. dxc6 Bxc6 32. Rb8 Ra1 33. Qd3 Re6 34. Rb3
Ra4 35. Nc3 Ra1+ 36. Kd2 Ra5 37. Rb4 Rg6 38. Rd4 Be7 39. e5 d5 40. Nxd5 Bxd5
41. Rf1 Qb7 42. Ke2 h6 43. Be1 Rb5 44. Bd2 Rc5 45. gxh6 gxh6 46. h5 Rg2+ 47.
Kd1 Be6 48. Bxh6 Qxb2 49. Rf2 Qb1+ 50. Bc1 Rxf2 51. Qg3+ Kf8 52. Qxf2 Bg5 53.
Rd8+ Bxd8 54. Qxc5+ Be7 55. Qd4 Bg5 0-1

[Event "Frankfurt Ch 2006"]
[Site "Ffm-Kalbach, LAZ"]
[Date "2006.05.29"]
[Round "6.68"]
[White "Baqui, Khalid"]
[Black "Liebert, Monika"]
[Result "1-0"]
[WhiteElo "1367"]
[BlackElo "1105"]
[PlyCount "75"]
[EventDate "2006.??.??"]

1. e4 e5 2. d3 Nc6 3. Be3 Nf6 4. Be2 d6 5. Nf3 Bg4 6. O-O Be7 7. c4 O-O 8. Nc3
a6 9. Nd5 b6 10. Nxe7+ Qxe7 11. Qa4 Nd4 12. Bxd4 exd4 13. Nxd4 Bxe2 14. Nxe2 c5
15. Qd1 Nd7 16. Nf4 Qe5 17. Nd5 b5 18. b3 b4 19. f4 Qd4+ 20. Kh1 Kh8 21. f5 f6
22. Nf4 Rfe8 23. Qg4 Ne5 24. Qg3 a5 25. Ne6 Rxe6 26. fxe6 Re8 27. Rad1 Rxe6 28.
Qf2 Ng4 29. Qf5 Qe5 30. Qxg4 Kg8 31. Rf5 Qc3 32. Rd5 Kf7 33. Qh5+ Kg8 34. Rxd6
g6 35. Rd8+ Kg7 36. Rd7+ Kg8 37. Qxh7+ Kf8 38. Qf7# 1-0